• 首页
  • 本馆介绍
  • 公告通知
  • 最新文献
  • 馆藏检索
  • 电子资源
  • 读者导购
  • 参考咨询
  • 我的图书馆
  • 登录
  • 详细信息显示
  • 放入我的书架
  • 预约/预借图书
  • 作者相关作品
  • 分类相关作品
  • 丛书相关作品
  • 出版社相关作品

书目信息

  • 表格格式
  • 工作单格式
  • 卡片格式
题名:
国语语音与现代白话新诗音韵
    
 
作者: 张建民, 著
分册:  
出版信息: 北京   中国社会科学出版社  2018
页数: 383页
开本: 24cm
丛书名:
单 册:
中图分类: H116 , I207.25
科图分类:
主题词: 现代汉语--xian dai han yu--语音 , 新诗--xin shi--音韵学--研究
电子资源:
ISBN: 978-7-5203-2723-7
000 01744nam0 2200289 450
001 012001006888
005 20131018083210.0
010    @a978-7-5203-2723-7@dCNY99.00
099    @aCAL 012019029304
100    @a20190320d2018 em y0chiy50 ea
101 0  @achi
102    @aCN@b110000
105    @ak a 000yy
106    @ar
200 1  @a国语语音与现代白话新诗音韵@Aguo yu yu yin yu xian dai bai hua xin shi yin yun@f张建民著
210    @a北京@c中国社会科学出版社@d2018
215    @a383页@d24cm
300    @a本书得到兰州大学“双一流”建设资金人文社科类图书出版经费的资助
320    @a有书目 (第354-382页)
330    @a本著作对国语语音、民国韵书和现代白话新诗音韵之间的互动关系做了深入的探讨。讨论了国语语音的统一与白话文运动的关系, 重点分析了民国时期出现的两大韵书, 及其在国语语音和白话新诗音韵联合方面的作用, 评述了民国学人白话新诗的押韵思想, 全面梳理了现代白话新诗的韵式, 深入探讨了白话新诗的节奏与国语语音的关系, 穷尽式地统计了《尝试集》新诗轻声字的使用情况, 揭示了胡适的自然音节理论与旧诗的平仄节奏之间的关系, 以及胡适新诗节奏理论与国音轻声研究的密切关系。具体考察了《尝试集》、《死水》和《王贵与李香香》这三部新诗的用韵实际, 并为之做了赅备的韵谱。据此对白话新诗的用韵与民国韵书的通别做了实证剖析。本著作还以胡适《去国集》、鲁迅和毛泽东旧体诗词用韵为个案, 考察了国语语音、民国韵书对现代旧体诗音韵的渗透作用。本书对国语语音、民国韵书和现代白话新诗音韵之间互相依存的关系的研究, 对繁荣新时期新旧体诗歌创作, 理清当前正在热烈讨论的现当代旧体诗声韵改革都有理论上的借鉴意义。
606 0  @a现代汉语@Axian dai han yu@x语音
606 0  @a新诗@Axin shi@x音韵学@x研究
690    @aH116@v4
690    @aI207.25@v4
701  0 @a张建民,@Azhang jian min@f1969-@4著
801  0 @aCN@b上海新华@c20191020
905    @b1175611-4@dH116@e122@f4
    
    国语语音与现代白话新诗音韵/张建民著.-北京:中国社会科学出版社,2018
    383页;24cm
    本书得到兰州大学“双一流”建设资金人文社科类图书出版经费的资助
    
    ISBN 978-7-5203-2723-7:CNY99.00
    本著作对国语语音、民国韵书和现代白话新诗音韵之间的互动关系做了深入的探讨。讨论了国语语音的统一与白话文运动的关系, 重点分析了民国时期出现的两大韵书, 及其在国语语音和白话新诗音韵联合方面的作用, 评述了民国学人白话新诗的押韵思想, 全面梳理了现代白话新诗的韵式, 深入探讨了白话新诗的节奏与国语语音的关系, 穷尽式地统计了《尝试集》新诗轻声字的使用情况, 揭示了胡适的自然音节理论与旧诗的平仄节奏之间的关系, 以及胡适新诗节奏理论与国音轻声研究的密切关系。具体考察了《尝试集》、《死水》和《王贵与李香香》这三部新诗的用韵实际, 并为之做了赅备的韵谱。据此对白话新诗的用韵与民国韵书的通别做了实证剖析。本著作还以胡适《去国集》、鲁迅和毛泽东旧体诗词用韵为个案, 考察了国语语音、民国韵书对现代旧体诗音韵的渗透作用。本书对国语语音、民国韵书和现代白话新诗音韵之间互相依存的关系的研究, 对繁荣新时期新旧体诗歌创作, 理清当前正在热烈讨论的现当代旧体诗声韵改革都有理论上的借鉴意义。
●
相关链接 在E读中查询图书 在五车中查询图书 在当当中查询图书 在豆瓣中查询图书


正题名:国语语音与现代白话新诗音韵     索取号:H116/122         预约/预借

序号 登录号 条形码 馆藏地/架位号 状态 备注
1 1175611   211756116   第二样本阅览室/ [索取号:H116/122] 在馆    
2 1175612   211756125   第四借阅区/ [索取号:H116/122] 在馆    
3 1175613   211756134   第四借阅区/ [索取号:H116/122] 在馆    
4 1175614   211756143   第四借阅区/ [索取号:H116/122] 在馆    
唐山师范学院图书馆 欢迎您!
大连网信软件有限公司© 版权所有